[Event "ECC Christmas Open"]
[Site "Edmonton"]
[Date "2006.12.28"]
[Round "4"]
[White "Grumic, Sasa"]
[Black "Hughey, Micah"]
[Result "1-0"]
[WhiteElo "2134"]
[BlackElo "2271"]
[PlyCount "99"]
[EventDate "2006.12.07"]
[EventType "swiss"]
[EventRounds "4"]
[EventCountry "CAN"]

1. e4 e5 2. d3 Nf6 3. Be2 d5 4. Nd2 Bc5 5. c3 Nc6 6. h3 a5 7. Ngf3 O-O 8. Qc2
Nh5 9. g3 f5 10. exd5 e4 11. dxc6 exf3 12. Bxf3 Qe8+ 13. Kf1 bxc6 14. Kg2 Qg6
15. d4 Bd6 16. Nf1 Ba6 17. c4 Rae8 18. Bd2 c5 19. d5 Nf4+ 20. Bxf4 Bxf4 21. h4
Be5 22. Rd1 Rb8 23. b3 a4 24. h5 Qb6 25. Rd3 Qb4 26. Nd2 a3 27. Re1 Bd4 28. Re6
Bc8 29. Re2 Bd7 30. Re7 Rbd8 31. Nf1 Bf6 32. Re2 Qb6 33. Qc1 g5 34. hxg6 hxg6
35. Qe1 Kg7 36. Rde3 g5 37. Kg1 Rh8 38. Re6 Bxe6 39. Rxe6 Rd6 40. Ne3 Rxe6 41.
Nxf5+ Kg6 42. dxe6 Re8 43. Bd5 Bd4 44. Qe4 Kf6 45. e7 Be5 46. f4 gxf4 47. gxf4
Bd4+ 48. Kf1 Bc3 49. Bc6 Qb8 50. Bd7 1-0

[Event "2006 WBX Team Tournament"]
[Site "Edmonton"]
[Date "2006.12.16"]
[Round "1"]
[White "Hughey, Micah"]
[Black "Asquith, Tom"]
[Result "1-0"]
[WhiteElo "2282"]
[BlackElo "1795"]
[PlyCount "71"]
[EventDate "2006.12.16"]
[EventType "team-swiss"]
[EventRounds "5"]
[EventCountry "CAN"]

1. e4 e5 2. Nf3 Nc6 3. Bc4 Nf6 4. Ng5 d5 5. exd5 b5 6. Bf1 Nd4 7. c3 h6 8. Nxf7
Kxf7 9. cxd4 Qxd5 10. Nc3 Qxd4 11. Bxb5 a6 12. Ba4 Bc5 13. Bb3+ Kg6 14. O-O Bg4
15. Qe1 Bf5 16. Qe3 Qd6 17. Qg3+ Kh7 18. d3 Rhf8 19. Ne4 Nxe4 20. dxe4 Bxe4 21.
Be3 Rae8 22. Rad1 Qb6 23. Bxc5 Qxc5 24. Rc1 Qe7 25. f3 Bf5 26. Rc6 Rf6 27. Rfc1
Rc8 28. Qf2 Bd3 29. Bc2 e4 30. Rxf6 Qxf6 31. fxe4 Qxb2 32. Qf5+ g6 33. Qd7+ Kh8
34. Qxc8+ Kh7 35. Qxc7+ Kh8 36. Bxd3 1-0

[Event "2006 WBX Team Tournament"]
[Site "Edmonton"]
[Date "2006.12.16"]
[Round "2"]
[White "Asquith, Tom"]
[Black "Culjaga, Marko"]
[Result "1-0"]
[WhiteElo "1795"]
[BlackElo "1734"]
[PlyCount "87"]
[EventDate "2006.12.16"]
[EventType "team-swiss"]
[EventRounds "5"]
[EventCountry "CAN"]

1. c4 e5 2. g3 Nf6 3. Bg2 Nc6 4. Nc3 Bb4 5. e4 d6 6. a3 Bc5 7. Nge2 Be6 8. d3
Nd4 9. b4 Nxe2 10. Nxe2 Bd4 11. Nxd4 exd4 12. O-O O-O 13. b5 Qd7 14. Bb2 c5 15.
bxc6 bxc6 16. Bxd4 Qe7 17. Qd2 c5 18. Bxf6 Qxf6 19. e5 Qxe5 20. Bxa8 Rxa8 21.
Rfe1 Qd4 22. Qe3 Qf6 23. Qe4 Rb8 24. Rab1 Rc8 25. Rb7 a6 26. Rb6 g6 27. Rxd6
Rb8 28. Rxa6 Rb2 29. Qe3 Qc3 30. Ra8+ Kg7 31. Qe5+ Qxe5 32. Rxe5 Bf5 33. Rd8
Bh3 34. Re1 Ra2 35. Ra8 Rd2 36. Rc1 Rxd3 37. a4 Rd2 38. Ra5 Kf6 39. Rxc5 Ke6
40. Rb5 Kd6 41. c5+ Kc7 42. c6 Ra2 43. Rb7+ Kc8 44. Rxf7 1-0

[Event "2006 WBX Team Tournament"]
[Site "Edmonton"]
[Date "2006.12.16"]
[Round "3"]
[White "Asquith, Tom"]
[Black "Pedersen, Rick"]
[Result "1-0"]
[WhiteElo "1795"]
[BlackElo "1881"]
[PlyCount "94"]
[EventDate "2006.12.16"]
[EventType "team-swiss"]
[EventRounds "5"]
[EventCountry "CAN"]

1. e4 d6 2. c4 c5 3. g3 Nc6 4. Nc3 g6 5. Bg2 Bg7 6. Nge2 Bg4 7. h3 Be6 8. d3
Qd7 9. Be3 Nd4 10. Bxd4 cxd4 11. Nb5 Nh6 12. Nbxd4 O-O 13. Qb3 Rab8 14. Nxe6
fxe6 15. Nc3 Nf7 16. O-O Ne5 17. Rad1 Nf3+ 18. Kh1 a6 19. Qb6 Bd4 20. Qb3 Rf7
21. Ne2 Rbf8 22. Bxf3 Rxf3 23. Nxd4 Rxf2 24. Rxf2 Rxf2 25. Kg1 Rf7 26. Rf1
Rxf1+ 27. Kxf1 e5 28. c5+ d5 29. Ne2 Qxh3+ 30. Ke1 e6 31. exd5 Qh1+ 32. Kd2
exd5 33. Qxb7 Qh6+ 34. Kc2 Qe3 35. Qxd5+ Kg7 36. Qe4 Qxc5+ 37. Kb1 a5 38. d4
exd4 39. Qxd4+ Qxd4 40. Nxd4 Kf6 41. Kc2 Ke5 42. Nc6+ Kf5 43. Nxa5 h6 44. Kd3
g5 45. Ke3 Ke5 46. Nb3 Kd5 47. Nd2 h5 1-0

[Event "2006 WBX Team Tournament"]
[Site "Edmonton"]
[Date "2006.12.17"]
[Round "5"]
[White "Asquith, Tom"]
[Black "Gluckie, Jamin"]
[Result "0-1"]
[WhiteElo "1795"]
[BlackElo "2066"]
[PlyCount "65"]
[EventDate "2006.12.16"]
[EventType "team-swiss"]
[EventRounds "5"]
[EventCountry "CAN"]

1. c4 g6 2. g3 Bg7 3. Bg2 d6 4. Nc3 e5 5. e4 Ne7 6. Nge2 O-O 7. d3 Nbc6 8. O-O
Be6 9. Rb1 Qd7 10. b4 Bh3 11. b5 Nd4 12. Nxd4 exd4 13. Nd5 Bxg2 14. Nxe7+ Qxe7
15. Kxg2 f5 16. Re1 Rae8 17. Bd2 Qf7 18. f3 fxe4 19. fxe4 Qf2+ 20. Kh1 Qf3+ 21.
Qxf3 Rxf3 22. Rb3 Rf2 23. Rd1 Ref8 24. Ra3 Re2 25. Bf4 g5 26. Bxg5 Rff2 27.
Rxa7 Rxh2+ 28. Kg1 Rhg2+ 29. Kf1 Rgf2+ 30. Kg1 Rg2+ 31. Kh1 Rxg3 32. Bd8 Rg6
33. Bxc7 0-1

[Event "2007 Edmonton Championship Reserves"]
[Site "Edmonton"]
[Date "2007.01.04"]
[Round "1"]
[White "Allen, Ted"]
[Black "Procyshyn, Jeff"]
[Result "0-1"]
[WhiteElo "1573"]
[BlackElo "1466"]
[PlyCount "36"]
[EventDate "2007.01.04"]
[EventType "swiss"]
[EventRounds "8"]
[EventCountry "CAN"]

1. e4 e5 2. Nf3 d5 3. exd5 Bd6 4. Nc3 Nf6 5. d4 O-O 6. dxe5 Re8 7. Qd4 c5 8.
Qc4 Ng4 9. e6 Nf6 10. Be3 fxe6 11. O-O-O exd5 12. Nxd5 Nxd5 13. Qxd5+ Re6 14.
Ng5 Nc6 15. Nxe6 Bxe6 16. Qxe6+ Kh8 17. Rxd6 Qa5 18. Rxc6 Qe1# 0-1

[Event "2007 Edmonton Championship Reserves"]
[Site "Edmonton"]
[Date "2007.02.01"]
[Round "5"]
[White "Ostapchuk, David"]
[Black "Sekuloff, Mike"]
[Result "1/2-1/2"]
[WhiteElo "1779"]
[BlackElo "1676"]
[PlyCount "79"]
[EventDate "2007.01.04"]
[EventType "swiss"]
[EventRounds "8"]
[EventCountry "CAN"]

1. e4 e6 2. d4 d5 3. e5 c5 4. c3 cxd4 5. cxd4 Nc6 6. Nf3 Bb4+ 7. Bd2 Nge7 8.
Bd3 Bxd2+ 9. Qxd2 O-O 10. O-O Ng6 11. Nc3 Bd7 12. Ne2 Qe7 13. a3 f6 14. Bxg6
hxg6 15. exf6 gxf6 16. Rac1 Rf7 17. Qh6 Qf8 18. Qxg6+ Rg7 19. Qh5 Rh7 20. Qg4+
Kh8 21. Nf4 Be8 22. Nxe6 Qd6 23. h3 Bd7 24. Rfe1 Rg8 25. Qf4 Qxf4 26. Nxf4 Bxh3
27. g3 Bg4 28. Nh2 Nxd4 29. Nxg4 Nf3+ 30. Kg2 Nxe1+ 31. Rxe1 Rxg4 32. Nxd5 Rf7
33. Re6 Kg7 34. Nf4 Rg5 35. Re8 Re5 36. Ne6+ Kh6 37. Kf3 Rd7 38. Rh8+ Rh7 39.
Re8 Rd7 40. Rh8+ 1/2-1/2

[Event "2007 Trumpeter Classic"]
[Site "Grande Prairie"]
[Date "2007.01.27"]
[Round "1"]
[White "Culjaga, Marko"]
[Black "Yearwood, Roy"]
[Result "0-1"]
[WhiteElo "1694"]
[BlackElo "2190"]
[PlyCount "36"]
[EventDate "2007.01.27"]
[EventType "swiss"]
[EventRounds "5"]
[EventCountry "CAN"]

1. e4 d5 2. exd5 Qxd5 3. Nc3 Qd6 4. Bc4 Nf6 5. Nf3 Bg4 6. h3 Bh5 7. d4 Nc6 8.
Be3 Qb4 9. Bb3 e6 10. a3 Qa5 11. Bd2 Qa6 12. g4 Bg6 13. Rg1 O-O-O 14. Ne2 e5
15. Nxe5 Nxe5 16. dxe5 Ne4 17. Nc3 Nxd2 18. Qc1 Nf3# 0-1

[Event "2007 Trumpeter Classic"]
[Site "Grande Prairie"]
[Date "2007.01.27"]
[Round "1"]
[White "Culjaga, Nikolai"]
[Black "Deimert, Elroy"]
[Result "1-0"]
[WhiteElo "1977"]
[BlackElo "1680"]
[PlyCount "59"]
[EventDate "2007.01.27"]
[EventType "swiss"]
[EventRounds "5"]
[EventCountry "CAN"]

1. e4 d5 2. exd5 Nf6 3. d4 Nxd5 4. Nf3 g6 5. Bc4 Bg7 6. O-O O-O 7. Bb3 e6 8. c3
b6 9. Bg5 Nf6 10. Nbd2 Bb7 11. Bc2 Nbd7 12. Ne5 h6 13. Bh4 g5 14. Bg3 Nd5 15.
Nxd7 Qxd7 16. Nf3 Ne7 17. Ne5 Qd5 18. f3 Rad8 19. Be4 Qb5 20. Bxb7 Bxe5 21.
Bxe5 c6 22. Qb3 Qd3 23. Bf6 Rd7 24. Bxe7 Rxe7 25. Bxc6 Qg6 26. Be4 f5 27. Bc2
Qf6 28. d5 Rd8 29. dxe6 Rxe6 30. Qxe6+ 1-0

[Event "2007 Trumpeter Classic"]
[Site "Grande Prairie"]
[Date "2007.01.27"]
[Round "1"]
[White "Hughey, Micah"]
[Black "Johnson, Dean"]
[Result "1-0"]
[WhiteElo "2271"]
[BlackElo "1700"]
[PlyCount "57"]
[EventDate "2007.01.27"]
[EventType "swiss"]
[EventRounds "5"]
[EventCountry "CAN"]

1. e4 e5 2. Nf3 Nc6 3. Bc4 Nf6 4. Ng5 d5 5. exd5 Na5 6. Bb5+ c6 7. dxc6 bxc6 8.
Be2 h6 9. Nf3 e4 10. Ne5 Bd6 11. d4 exd3 12. Nxd3 Qc7 13. b3 O-O 14. h3 Bb7 15.
O-O c5 16. Bf3 Rad8 17. Bxb7 Qxb7 18. Bb2 Be7 19. Nd2 Nc6 20. Qf3 Qc7 21. Rfe1
Nd4 22. Bxd4 Rxd4 23. Nc4 Bd6 24. Ne3 Re8 25. Nf5 Rxe1+ 26. Rxe1 Rd5 27. Nxh6+
Kh7 28. Ng4 Nh5 29. Qxd5 1-0

[Event "2007 Trumpeter Classic"]
[Site "Grande Prairie"]
[Date "2007.01.27"]
[Round "1"]
[White "Lefkowitz, Phil"]
[Black "Quiring, John"]
[Result "0-1"]
[WhiteElo "1639"]
[BlackElo "1892"]
[PlyCount "137"]
[EventDate "2007.01.27"]
[EventType "swiss"]
[EventRounds "5"]
[EventCountry "CAN"]

1. d4 Nf6 2. c4 c5 3. d5 e6 4. dxe6 fxe6 5. Nc3 Be7 6. Bg5 O-O 7. Qc2 Nc6 8. e3
a6 9. a3 b6 10. Nf3 Qc7 11. Rd1 Bb7 12. e4 Rad8 13. Be2 d6 14. O-O Rd7 15. Rd2
e5 16. Bxf6 Bxf6 17. Nd5 Nd4 18. Nxd4 Bxd5 19. cxd5 exd4 20. Bxa6 Rb8 21. Bb5
Re7 22. b3 Rf8 23. g3 Ref7 24. Rc1 Qe7 25. Bd3 Qd7 26. Kg2 Qg4 27. Be2 Qg6 28.
f3 Bg5 29. Rd3 Bxc1 30. Qxc1 Qf6 31. Qc4 h5 32. a4 g5 33. Qb5 Qd8 34. Rd1 Re8
35. Qd3 Qe7 36. Qb5 g4 37. Re1 h4 38. Qd3 hxg3 39. hxg3 Rh7 40. Bd1 Qe5 41. f4
Qh5 42. Rg1 Rf8 43. Qe2 Qh2+ 44. Kf1 Qxe2+ 45. Bxe2 Re8 46. Bxg4 Rh2 47. Be6+
Kg7 48. Rg2 Reh8 49. e5 dxe5 50. Rxh2 Rxh2 51. fxe5 Kf8 52. d6 d3 53. Ke1 Re2+
54. Kd1 Rxe5 55. d7 Ke7 56. Bh3 Re3 57. Kd2 Rxg3 58. Bf5 Kd8 59. Bxd3 Kxd7 60.
Kc3 Kd6 61. Kc4 Rg4+ 62. Kc3 Kd5 63. Bc4+ Rxc4+ 64. bxc4+ Ke4 65. Kc2 Kd4 66.
Kb3 Kd3 67. a5 bxa5 68. Ka4 Kxc4 69. Kxa5 0-1

[Event "2007 Trumpeter Classic"]
[Site "Grande Prairie"]
[Date "2007.01.27"]
[Round "1"]
[White "Panteluk, Steven"]
[Black "Gardner, Robert"]
[Result "0-1"]
[WhiteElo "1703"]
[BlackElo "2302"]
[PlyCount "74"]
[EventDate "2007.01.27"]
[EventType "swiss"]
[EventRounds "5"]
[EventCountry "CAN"]

1. e4 d6 2. Nf3 Nf6 3. d3 g6 4. Be2 Bg7 5. O-O O-O 6. c4 c5 7. Nc3 Nc6 8. h3
Bd7 9. Be3 a6 10. Qd2 Re8 11. Nh2 Nd4 12. f4 Nxe2+ 13. Nxe2 b5 14. b3 Qc7 15.
Rad1 a5 16. Ng3 a4 17. f5 axb3 18. axb3 Ra3 19. fxg6 hxg6 20. Qb2 Rea8 21. Ra1
Rxa1 22. Rxa1 Rb8 23. Qa2 Nh5 24. Qa7 Qd8 25. Nxh5 Bxa1 26. Qxa1 gxh5 27. Qd1
e5 28. Qxh5 Qf6 29. Nf3 bxc4 30. Nh4 cxb3 31. Bg5 Qg7 32. Bh6 b2 33. Bxg7 b1=Q+
34. Kh2 Kxg7 35. Nf5+ Bxf5 36. exf5 Qc1 37. Qh4 Qf4+ 0-1

[Event "2007 Trumpeter Classic"]
[Site "Grande Prairie"]
[Date "2007.01.27"]
[Round "1"]
[White "Pedersen, Rick"]
[Black "Schech, Roland"]
[Result "1/2-1/2"]
[WhiteElo "1887"]
[BlackElo "1612"]
[PlyCount "140"]
[EventDate "2007.01.27"]
[EventType "swiss"]
[EventRounds "5"]
[EventCountry "CAN"]

1. e4 e6 2. d4 c5 3. d5 d6 4. c4 Nf6 5. Nc3 Qe7 6. f3 Na6 7. Bg5 h6 8. Bh4 g5
9. Bg3 Nh5 10. Bf2 Bg7 11. Nge2 Nc7 12. Qd2 O-O 13. g4 Bxc3 14. bxc3 Ng7 15. e5
f6 16. exd6 Qxd6 17. Bg3 e5 18. Bf2 b6 19. Ng3 f5 20. Bd3 fxg4 21. Ne4 Qd8 22.
O-O-O Nh5 23. fxg4 Bxg4 24. Be2 Bxe2 25. Qxe2 Nf4 26. Qg4 Qc8 27. Qxc8 Raxc8
28. Rhe1 Rcd8 29. Nxc5 Ng2 30. Re2 bxc5 31. Bxc5 Nf4 32. Rxe5 Rfe8 33. Rxe8+
Rxe8 34. d6 Nce6 35. Bxa7 Ra8 36. Bb6 Rxa2 37. Kb1 Rxh2 38. c5 Ne2 39. Ba5 Nxc5
40. d7 Nxd7 41. Rxd7 Rh1+ 42. Kc2 g4 43. Kd2 Nc1 44. Ke3 h5 45. Kf4 Ne2+ 46.
Ke3 Ra1 47. Rd5 Rxa5 48. Rxa5 Nxc3 49. Rxh5 Kf7 50. Kf4 Ke6 51. Kxg4 Nd5 52.
Kf3 Ne7 53. Ke4 Ng6 54. Ra5 Kf6 55. Ra6+ Kg5 56. Rb6 Ne7 57. Rb7 Ng6 58. Rf7
Nh4 59. Rf2 Kg4 60. Rf4+ Kg5 61. Rf1 Ng6 62. Rf7 Nh4 63. Rf2 Kg4 64. Rf4+ Kg5
65. Rf1 Ng6 66. Rf5+ Kg4 67. Rf7 Kg5 68. Rf5+ Kg4 69. Rf1 Kg5 70. Rg1+ Kf6
1/2-1/2

[Event "2007 Trumpeter Classic"]
[Site "Grande Prairie"]
[Date "2007.01.27"]
[Round "1"]
[White "White, Chris"]
[Black "Pradzinski, Tim"]
[Result "1-0"]
[WhiteElo "1578"]
[BlackElo "1867"]
[PlyCount "87"]
[EventDate "2007.01.27"]
[EventType "swiss"]
[EventRounds "5"]
[EventCountry "CAN"]

1. d4 d5 2. Nf3 Nf6 3. c4 e6 4. Nc3 Be7 5. e3 O-O 6. Bd3 Nbd7 7. Qc2 c5 8. O-O
b6 9. Re1 dxc4 10. Bxc4 Bb7 11. e4 a6 12. Bf4 b5 13. Bf1 Rc8 14. Qe2 cxd4 15.
Nxd4 e5 16. Bxe5 Nxe5 17. Red1 Qb6 18. a4 b4 19. Nf5 Bc5 20. a5 Qe6 21. Na4
Nxe4 22. Nxc5 Rxc5 23. Nd4 Qg6 24. Ra4 h5 25. Rxb4 Rb8 26. Rb6 Nc6 27. Qf3 Nxd4
28. Rxd4 Rc6 29. Qf4 Re8 30. Rxb7 Rf6 31. Qe3 Nd6 32. Re7 Re6 33. Rxe8+ Nxe8
34. Qg3 Qb1 35. b4 Re1 36. Qd3 Qa1 37. Re4 Nf6 38. Rxe1 Qxe1 39. Qxa6 Ne4 40.
Qe2 Qxb4 41. a6 Nd6 42. Qxh5 Qa4 43. Qc5 Ne4 44. Qe3 1-0

[Event "2007 Trumpeter Classic"]
[Site "Grande Prairie"]
[Date "2007.01.27"]
[Round "1"]
[White "Wong, Ford"]
[Black "Longson, Stan"]
[Result "1-0"]
[WhiteElo "1758"]
[BlackElo "1379"]
[PlyCount "41"]
[EventDate "2007.01.27"]
[EventType "swiss"]
[EventRounds "5"]
[EventCountry "CAN"]

1. d4 d5 2. c4 Nf6 3. Nc3 e6 4. Bg5 Bb4 5. e3 b6 6. Qa4+ Nbd7 7. Qxb4 c5 8.
dxc5 dxc4 9. cxb6 Nxb6 10. Rd1 Nbd5 11. Nxd5 exd5 12. Bxc4 Be6 13. Nf3 h6 14.
Bxf6 Qxf6 15. Bb5+ Bd7 16. Bxd7+ Kxd7 17. Rxd5+ Kc6 18. Qb5+ Kc7 19. Qd7+ Kb6
20. Rb5+ Ka6 21. Qb7# 1-0

[Event "2007 Trumpeter Classic"]
[Site "Grande Prairie"]
[Date "2007.01.27"]
[Round "2"]
[White "Caughlin, Wade"]
[Black "Culjaga, Marko"]
[Result "1-0"]
[WhiteElo "1740"]
[BlackElo "1694"]
[PlyCount "55"]
[EventDate "2007.01.27"]
[EventType "swiss"]
[EventRounds "5"]
[EventCountry "CAN"]

1. e4 e5 2. Nf3 Nc6 3. Bb5 a6 4. Ba4 b5 5. Bb3 Nf6 6. O-O Bc5 7. Re1 O-O 8.
Nxe5 Bxf2+ 9. Kxf2 Nxe5 10. Kg1 Bb7 11. d4 Ng6 12. Bg5 h6 13. Bxf6 Qxf6 14. Nc3
Nf4 15. Re3 Rae8 16. Qg4 Qg5 17. Qxg5 hxg5 18. g3 Ne6 19. Rd1 f6 20. Ree1 d6
21. Nd5 Rf7 22. e5 dxe5 23. dxe5 Nc5 24. Nxc7 Nxb3 25. Nxe8 Re7 26. exf6 Rxe1+
27. Rxe1 Nd4 28. Re7 1-0

[Event "2007 Trumpeter Classic"]
[Site "Grande Prairie"]
[Date "2007.01.27"]
[Round "2"]
[White "Deimert, Elroy"]
[Black "Panteluk, Steven"]
[Result "0-1"]
[WhiteElo "1680"]
[BlackElo "1703"]
[PlyCount "52"]
[EventDate "2007.01.27"]
[EventType "swiss"]
[EventRounds "5"]
[EventCountry "CAN"]

1. e4 e5 2. Nf3 Nc6 3. Nc3 Nf6 4. d4 exd4 5. Nd5 d6 6. Nxd4 Nxd4 7. Qxd4 Be7 8.
Nxe7 Qxe7 9. Bd3 h6 10. Bd2 Be6 11. a3 c5 12. Qc3 a6 13. O-O b5 14. b3 O-O 15.
Rad1 c4 16. bxc4 bxc4 17. Bxc4 Rfc8 18. Bxh6 Rxc4 19. Qg3 Nh5 20. Bg5 Nxg3 21.
Bxe7 Nxf1 22. Kxf1 Rxc2 23. Bxd6 Rac8 24. Bf4 Ra2 25. Bd6 Rcc2 26. Bg3 Rxa3 0-1

[Event "2007 Trumpeter Classic"]
[Site "Grande Prairie"]
[Date "2007.01.27"]
[Round "2"]
[White "Gardner, Robert"]
[Black "Wong, Ford"]
[Result "1-0"]
[WhiteElo "2302"]
[BlackElo "1758"]
[PlyCount "95"]
[EventDate "2007.01.27"]
[EventType "swiss"]
[EventRounds "5"]
[EventCountry "CAN"]

1. f4 d5 2. Nf3 Nf6 3. e3 g6 4. d3 Bg7 5. Be2 Bg4 6. h3 Bxf3 7. Bxf3 c6 8. O-O
Nbd7 9. d4 O-O 10. b3 Ne4 11. Bb2 Ndf6 12. c4 Rc8 13. Nd2 Qa5 14. Nxe4 Nxe4 15.
Bxe4 dxe4 16. a3 c5 17. Qc2 cxd4 18. exd4 f5 19. b4 Qc7 20. c5 b6 21. g3 bxc5
22. dxc5 g5 23. Qb3+ Kh8 24. Bxg7+ Kxg7 25. fxg5 Qe5 26. Qe3 Rfd8 27. Rfd1 Rd5
28. Rxd5 Qxd5 29. Qc3+ Kg6 30. Rc1 e5 31. h4 Kh5 32. Kh2 Kg4 33. Qb2 e3 34. c6
Qf3 35. Qg2 e2 36. b5 Qxg2+ 37. Kxg2 f4 38. gxf4 exf4 39. Kf2 f3 40. a4 Kxh4
41. Kxf3 Kxg5 42. Kxe2 Kf5 43. Kd3 Ke5 44. Kc4 Kd6 45. Rd1+ Kc7 46. Rd7+ Kb6
47. Rb7+ Ka5 48. Rxa7+ 1-0

[Event "2007 Trumpeter Classic"]
[Site "Grande Prairie"]
[Date "2007.01.27"]
[Round "2"]
[White "Johnson, Dean"]
[Black "Lefkowitz, Phil"]
[Result "1-0"]
[WhiteElo "1700"]
[BlackElo "1639"]
[PlyCount "83"]
[EventDate "2007.01.27"]
[EventType "swiss"]
[EventRounds "5"]
[EventCountry "CAN"]

1. c4 g6 2. g3 Bg7 3. Bg2 e6 4. Nc3 Ne7 5. e4 c5 6. Nge2 Nbc6 7. d3 a6 8. Be3
d6 9. O-O O-O 10. d4 cxd4 11. Nxd4 Rb8 12. Rc1 e5 13. Nde2 Be6 14. Nd5 b6 15.
Qd2 f5 16. Bg5 Bxd5 17. cxd5 Na7 18. f3 Qd7 19. Bh3 Rf7 20. Rc2 Qe8 21. Rfc1
Rb7 22. Qb4 Nec8 23. Qc4 b5 24. Qb3 Nb6 25. Qd3 h6 26. Be3 Kh8 27. Bxb6 Rxb6
28. exf5 gxf5 29. Bxf5 Qf8 30. Rc8 Nxc8 31. Rxc8 Qxc8 32. Bxc8 Rc7 33. Be6 b4
34. Qg6 Rb8 35. Bf5 Kg8 36. Qxd6 Rbb7 37. Qd8+ Kf7 38. Be6+ Kg6 39. Qe8+ Kf6
40. d6 Rc2 41. d7 Rxe2 42. Qf7+ 1-0

[Event "2007 Trumpeter Classic"]
[Site "Grande Prairie"]
[Date "2007.01.27"]
[Round "2"]
[White "Pradzinski, Tim"]
[Black "Pedersen, Rick"]
[Result "1-0"]
[WhiteElo "1867"]
[BlackElo "1887"]
[PlyCount "59"]
[EventDate "2007.01.27"]
[EventType "swiss"]
[EventRounds "5"]
[EventCountry "CAN"]

1. e4 d6 2. Nf3 Nf6 3. Nc3 c5 4. d4 Qa5 5. Bd2 cxd4 6. Nxd4 Qb6 7. Nb3 a6 8.
Bg5 Nbd7 9. Bd3 e6 10. O-O Be7 11. Kh1 h6 12. Be3 Qc7 13. f4 b5 14. Qe2 Bb7 15.
Bf2 g5 16. f5 b4 17. fxe6 fxe6 18. Nd1 Ne5 19. Bd4 d5 20. exd5 Neg4 21. g3
Bxd5+ 22. Kg1 e5 23. Bg6+ Kd8 24. Ne3 Be6 25. Nxg4 Nxg4 26. Rad1 Kc8 27. Be4
Rb8 28. Qxa6+ Kd7 29. Bxe5+ Bd6 30. Rxd6+ 1-0

[Event "2007 Trumpeter Classic"]
[Site "Grande Prairie"]
[Date "2007.01.27"]
[Round "2"]
[White "Schech, Roland"]
[Black "Stutzman, Larry"]
[Result "0-1"]
[WhiteElo "1612"]
[BlackElo "1757"]
[PlyCount "152"]
[EventDate "2007.01.27"]
[EventType "swiss"]
[EventRounds "5"]
[EventCountry "CAN"]

1. f4 Nf6 2. Nf3 g6 3. g3 Bg7 4. Bg2 O-O 5. c3 Nc6 6. d4 d6 7. Be3 Re8 8. Nbd2
Ng4 9. Bg1 e5 10. h3 Nh6 11. e4 exd4 12. Nxd4 Nxd4 13. Bxd4 Bxd4 14. cxd4 Nf5
15. Nf1 c6 16. Qd2 Qb6 17. O-O-O Ng7 18. f5 Qb5 19. Ne3 gxf5 20. exf5 Bxf5 21.
Nxf5 Re2 22. Nxd6 Rxd2 23. Nxb5 Rxg2 24. Nc3 Rxg3 25. Rhg1 Rxh3 26. Rd2 Rh6 27.
d5 Kf8 28. d6 Rd8 29. d7 Rg6 30. Rf1 Ne6 31. Ne4 Rg7 32. Nf6 Ke7 33. b4 Rg6 34.
Rdf2 Nf8 35. Re2+ Ne6 36. Ref2 Rg7 37. Rh2 Nf8 38. Re2+ Ne6 39. Rh2 Nc7 40.
Re2+ Kf8 41. Rh1 Ne6 42. Rd2 Ke7 43. Rf2 Rg6 44. Rhf1 Rg7 45. Ne8 Rxe8 46.
dxe8=Q+ Kxe8 47. Rd2 h5 48. Rh2 Rh7 49. Rh4 Ke7 50. Rf5 f6 51. Rfxh5 Rf7 52.
Rh7 f5 53. Rxf7+ Kxf7 54. Rh7+ Ng7 55. Rh8 Ne8 56. a4 a6 57. Kc2 Nd6 58. Rc8
Nxc8 59. Kd3 Nd6 60. Kd4 Ke6 61. Ke3 Kd5 62. Kd3 f4 63. Ke2 Kc4 64. Kf3 Kxb4
65. Kxf4 Kxa4 66. Ke5 Nc4+ 67. Kd4 b5 68. Kc5 Nd2 69. Kxc6 b4 70. Kb6 a5 71.
Ka6 b3 72. Ka7 b2 73. Ka6 b1=Q 74. Ka7 Nc4 75. Ka8 Nd6 76. Ka7 Qb7# 0-1

[Event "2007 Trumpeter Classic"]
[Site "Grande Prairie"]
[Date "2007.01.27"]
[Round "2"]
[White "White, Chris"]
[Black "Hughey, Micah"]
[Result "0-1"]
[WhiteElo "1578"]
[BlackElo "2271"]
[PlyCount "26"]
[EventDate "2007.01.27"]
[EventType "swiss"]
[EventRounds "5"]
[EventCountry "CAN"]

1. d4 d5 2. Nf3 c5 3. e3 Nf6 4. Bd3 Nc6 5. O-O Bg4 6. c3 e6 7. Nbd2 Be7 8. Re1
O-O 9. Qc2 Rc8 10. a3 Qc7 11. Nf1 Bxf3 12. gxf3 cxd4 13. cxd4 Nxd4 0-1

[Event "2007 Trumpeter Classic"]
[Site "Grande Prairie"]
[Date "2007.01.27"]
[Round "2"]
[White "Yearwood, Roy"]
[Black "Campbell, Dale"]
[Result "1-0"]
[WhiteElo "2190"]
[BlackElo "1305"]
[PlyCount "77"]
[EventDate "2007.01.27"]
[EventType "swiss"]
[EventRounds "5"]
[EventCountry "CAN"]

1. e4 e5 2. Nf3 Nf6 3. d3 Nc6 4. c3 Bc5 5. b4 Bb6 6. a4 d5 7. exd5 Qxd5 8. a5
Bxf2+ 9. Kxf2 Ne4+ 10. Ke1 Bg4 11. dxe4 Qxe4+ 12. Qe2 Qf5 13. a6 O-O 14. h3 Qh5
15. hxg4 Qxh1 16. axb7 Rad8 17. Qe4 Rd1+ 18. Kxd1 Qxf1+ 19. Ne1 Rd8+ 20. Nd2
Qb5 21. Qe2 Qxb7 22. Qa6 Qa8 23. b5 Nb8 24. Qxa7 Qd5 25. Qa2 Qxb5 26. Qb1 c6
27. Qxb5 cxb5 28. Ke2 Nc6 29. Ra6 Ne7 30. Ne4 h6 31. Nc2 f5 32. gxf5 Nxf5 33.
g4 Nh4 34. Ne3 Rf8 35. Nd5 Ng2 36. Ra7 Nf4+ 37. Bxf4 exf4 38. Kf3 g5 39. Nef6+
1-0

[Event "2007 Trumpeter Classic"]
[Site "Grande Prairie"]
[Date "2007.01.27"]
[Round "3"]
[White "Culjaga, Marko"]
[Black "Pedersen, Rick"]
[Result "0-1"]
[WhiteElo "1694"]
[BlackElo "1887"]
[PlyCount "66"]
[EventDate "2007.01.27"]
[EventType "swiss"]
[EventRounds "5"]
[EventCountry "CAN"]

1. e4 g6 2. d4 Bg7 3. Nf3 c5 4. c3 cxd4 5. cxd4 d6 6. Bc4 Nc6 7. Nc3 e6 8. O-O
a6 9. Bb3 Nge7 10. Be3 Na5 11. Nd2 Nxb3 12. Nxb3 O-O 13. f4 b5 14. a3 Bb7 15.
Qg4 f5 16. exf5 exf5 17. Qh4 Qd7 18. Rac1 Nd5 19. Bd2 Qf7 20. Rfe1 Bf6 21. Qf2
Rae8 22. Na5 Ba8 23. Rxe8 Rxe8 24. Re1 Rxe1+ 25. Bxe1 Qe7 26. Bd2 Qc7 27. Qf3
Bxd4+ 28. Kh1 Qxa5 29. Ne4 fxe4 30. Qxe4 Qxd2 31. Qe6+ Kf8 32. Qc8+ Kf7 33.
Qd7+ Ne7 0-1

[Event "2007 Trumpeter Classic"]
[Site "Grande Prairie"]
[Date "2007.01.27"]
[Round "3"]
[White "Culjaga, Nikolai"]
[Black "Yearwood, Roy"]
[Result "0-1"]
[WhiteElo "1977"]
[BlackElo "2190"]
[PlyCount "84"]
[EventDate "2007.01.27"]
[EventType "swiss"]
[EventRounds "5"]
[EventCountry "CAN"]

1. e4 d5 2. exd5 Qxd5 3. Nc3 Qd6 4. Nf3 Nf6 5. h3 Nc6 6. d4 Bf5 7. Bb5 O-O-O 8.
Bxc6 Qxc6 9. O-O Nd7 10. d5 Qc4 11. Qe1 Bxc2 12. b3 Qa6 13. Qd2 Qd3 14. Qe1 e6
15. dxe6 fxe6 16. Bb2 Bb4 17. Rc1 Rhe8 18. Ne5 Nxe5 19. Qxe5 Bd6 20. Qa5 a6 21.
Na4 Re7 22. Nc5 Qf5 23. Ba3 Bd3 24. Rfd1 b6 25. Qc3 Bxc5 26. Bxc5 bxc5 27. Qa5
Rd5 28. Rc3 Bb5 29. Rxd5 Qxd5 30. a4 Qd1+ 31. Kh2 Qd6+ 32. Kg1 Bd3 33. Rxc5 Rf7
34. Qc3 Qf4 35. f3 Qe3+ 36. Kh2 Qf4+ 37. Kg1 Qe3+ 38. Kh2 Re7 39. h4 Qf2 40.
Kh3 h6 41. b4 Bf5+ 42. g4 Bd3 0-1